LEADER 01995nam 2200625Ia 450 001 9910454744103321 005 20200520144314.0 010 $a1-282-85351-1 010 $a9786612853517 010 $a0-7735-6553-1 035 $a(CKB)1000000000713436 035 $a(OCoLC)32547441 035 $a(CaPaEBR)ebrary10139760 035 $a(SSID)ssj0000276862 035 $a(PQKBManifestationID)11204994 035 $a(PQKBTitleCode)TC0000276862 035 $a(PQKBWorkID)10226288 035 $a(PQKB)10654043 035 $a(DLC) 96154384 035 $a(CaPaEBR)400501 035 $a(CaBNvSL)slc00200993 035 $a(MiAaPQ)EBC3246365 035 $a(MiAaPQ)EBC3331423 035 $a(Au-PeEL)EBL3331423 035 $a(CaPaEBR)ebr10147005 035 $a(CaONFJC)MIL285351 035 $a(OCoLC)929121959 035 $a(EXLCZ)991000000000713436 100 $a19950424d1995 uy 0 101 0 $aeng 135 $aurcn||||||||| 181 $ctxt 182 $cc 183 $acr 200 10$aAnatomy of a naval disaster$b[electronic resource] $ethe 1746 French naval expedition to North America /$fJames Pritchard 210 $aMontreal ;$aBuffalo $cMcGill-Queen's University Press$dc1995 215 $a1 online resource (349 p.) 300 $aBibliographic Level Mode of Issuance: Monograph 311 $a0-7735-1325-6 320 $aIncludes bibliographical references (p. [285]-309) and index. 606 $aNaval history 607 $aFrance$xHistory, Naval$y18th century 607 $aFrance$xHistory$yLouis XV, 1715-1774 607 $aUnited States$xHistory$yKing George's War, 1744-1748$xNaval operations, French 608 $aElectronic books. 615 0$aNaval history. 676 $a944/.034 700 $aPritchard$b James S.$f1939-$0850883 801 0$bMiAaPQ 801 1$bMiAaPQ 801 2$bMiAaPQ 906 $aBOOK 912 $a9910454744103321 996 $aAnatomy of a naval disaster$92010309 997 $aUNINA LEADER 03958nam 22005655 450 001 9910349527003321 005 20240718182607.0 010 $a9783030245405 010 $a3030245403 024 7 $a10.1007/978-3-030-24540-5 035 $a(CKB)4100000009444827 035 $a(DE-He213)978-3-030-24540-5 035 $a(MiAaPQ)EBC5916642 035 $a(Perlego)3493772 035 $a(EXLCZ)994100000009444827 100 $a20191002d2019 u| 0 101 0 $aeng 135 $aurnn|008mamaa 181 $ctxt$2rdacontent 182 $cc$2rdamedia 183 $acr$2rdacarrier 200 10$aInternational Trade Finance $eA Pragmatic Approach /$fby Tarsem Bhogal, Arun Trivedi 205 $a2nd ed. 2019. 210 1$aCham :$cSpringer International Publishing :$cImprint: Palgrave Macmillan,$d2019. 215 $a1 online resource (XXXI, 354 p. 91 illus.) 225 1 $aFinance and Capital Markets Series,$x2946-2029 311 08$a9783030245399 311 08$a303024539X 327 $a1. International Trade and Inherent Risks -- 2. Services Offered by Commercial Banks -- 3. Methods of Trade -- 4. Foreign Exchange Rates -- 5. Bills of Exchange, Collections, Purchasing and Discounting -- 6. Documentary Letters of Credit -- 7. Letters of Credit: Types -- 8. Methods of Payment Settlement -- 9. Financial Load Variations: Eight Types of Letters of Credit -- 10. INCOTERMS -- 11. Documents in Foreign Trade -- 12. Negotiation of Documents -- 13. Factoring and Forfaiting -- 14. Electronic Documents (eUCP) -- 15. Scrutiny of Documents: Procedures -- 16. Common Irregularities in Documents -- 17. Bank Guarantees and International Bonds -- 18. SWIFT and Letters of Credit -- 19. ICC DOCDEX Rules -- 20. UK Export Finance -- 21. Marine Insurance -- 22. Innovative Non-traditional Finance -- 23. BREXIT -- 24. Blochchain Technology and Trade Finance -- 25. Money Laundering and Sanctions. 330 $aThe 21st century has witnessed swift change in every sphere of the human endeavour. Regulatory re-alignment, digitalisation and economic and political developments have contributed to paradigm shift in banking, trade, finance and the shipping industry virtually transforming the landscape. International Trade Finance is an essential tool for bankers, exporters/importers, shippers, consultants, teachers and students navigating the procedures of international trade finance. The book addresses basic topics relating to international trade including letters of credit mechanism, collections of bills, trade customs and practice. New to this revised edition, it covers SWIFT updates, supply chain system, UKEF, Blockchain technologies, the implications of BREXIT, NAFTA, Mexico, Canada and other bilateral agreements and their implications, the US sanctions, terrorist financing and anti-money laundering provisions, and a check list to control financial crime risks in trade finance. The extended metaphor of the book is that of an arm chair tour covering fundamentals to the nuances of the hard core of the subject matter and enabling the readers to deal with complicated implementation issues in a forthright and comprehensive fashion. 410 0$aFinance and Capital Markets Series,$x2946-2029 606 $aInternational finance 606 $aInternational business enterprises 606 $aInternational Finance 606 $aInternational Business 615 0$aInternational finance. 615 0$aInternational business enterprises. 615 14$aInternational Finance. 615 24$aInternational Business. 676 $a332.042 676 $a658.1599 700 $aBhogal$b Tarsem$4aut$4http://id.loc.gov/vocabulary/relators/aut$0894190 702 $aTrivedi$b Arun$4aut$4http://id.loc.gov/vocabulary/relators/aut 801 0$bMiAaPQ 801 1$bMiAaPQ 801 2$bMiAaPQ 906 $aBOOK 912 $a9910349527003321 996 $aInternational Trade Finance$91997401 997 $aUNINA